000 00702nam a2200181 a 4500
001 000023753
005 20200930022436.0
008 110112s1983 mx 000 0 spa d
020 _a9685900531
040 _aDO-SdBNP
_bspa
_cBNPHU
082 _ann*
_bnn*
100 1 _aBejel, Emilio.
_924635
245 1 0 _aLiteratura de nuestra América :
_bestudios de literatura cubana e hispanoamericana /
_cEmilio Bejel.
260 _aMéxico, D. F. :
_bCentro de Investigaciones Lingüístico-Literarias. Instituto de Investigaciones Humanísticas. Universidad Veracruzana,
_c1983.
300 _a141 p. ;
_c22 cm.
504 _aIncluye referencias bibliográficas y notas al pie de las páginas.
049 _aBNGR
999 _c23249
_d23249